00323nam a2200133Ia 45000030006000000080041000060400015000471000017000622450052000792600023001313000006001545460012001600050017001720STCL150530s9999 xx 000 0 und d aSTCLcSTCL aJoseph, E.X. aKrishna Iyer; Splendour of Humanism and Justice bKonark Delhic2005 a0 aEnglish20220125171418.0